000
00274nam a22001097a 4500
082
_a
530 KIA'M
100
_a
KIRKPATRICK, PAUL
_9
39754
245
_a
MECHANICS EXAMINATION AND STUDY QUESTIONS IN PHYSICS
260
_a
USA
_b
ADDISON WESLEY
_c
1955
300
_a
99P
942
_c
BK
999
_c
569631
_d
569631